| 000 | 00413nam a2200157Ia 4500 | ||
|---|---|---|---|
| 008 | 230711s9999||||xx |||||||||||||| ||und|| | ||
| 041 | _aENG | ||
| 082 |
_a669 _bRO-P |
||
| 100 | _aRobert E.Reed-Hill | ||
| 245 | 0 | _aPhysical metallurgy principles | |
| 250 | _a2nd | ||
| 260 |
_c2008 _aNew Delhi _bEWP(Affiliated East-West Press Private Limited) |
||
| 300 | _a920 | ||
| 650 | _aMechanical Engineering | ||
| 942 | _cBK | ||
| 999 |
_c1063 _d1063 |
||